000 01720cam a2200349 a 4500
001 3651
003 FISKH
005 20240402145847.0
008 110121s2011 fr a b 000 0 fre
010 _a 2011401893
020 _a9782283024164
020 _a9782262037659
035 _a(FrPJT)JTL00287338
040 _aDLC
_cDLC
_beng
042 _apcc
043 _aa-cc---
050 0 0 _aDS779.26
_b.P84 2011
082 _a327.51
100 1 _aPuel, Caroline.
245 1 4 _aLes trente ans qui ont changé la Chine :
_b1980-2010 /
_cCaroline Puel.
246 3 _a30 ans qui ont changé la Chine
260 _aParis :
_bBuchet-Chastel,
_cc2011.
300 _a523 pages :
_bcolor illustrations ;
_c23 cm.
504 _aIncludes bibliographical references (p. [507]-514).
520 _a“When China awakens, the world will tremble.” The famous adage attributed to Napoleon has, in more than thirty years, become reality. Since the death of Mao, the Middle Kingdom has initiated a spectacular economic revolution which has raised it to the rank of second world power. But his hybrid regime with a liberal market economy held in a communist shell will have, to persist, to undertake very dreaded political reforms. Will he do it? From the advent of Deng Xiaoping to that of the new strongman Xi Jinping, Caroline Puel deciphers this paradox and recounts year after year the irresistible rise of the new giant.
651 0 _aChina
_xPolitics and government
_y1976-
651 0 _aChina
_xSocial life and customs
_y1976-
651 0 _aChina
_xEconomic conditions
_y1976-
906 _a7
_bcbc
_corigres
_d2
_encip
_f20
_gy-gencatlg
942 _2ddc
_cBK
_n0
999 _c3651
_d3651